[Event "AUTO-OPEN-1781"]
[Site "http://www.queenalice.com/game.php?id=691108"]
[Date "2009.12.1"]
[Round "1"]
[White "rubenov"]
[Black "Rod_Lins"]
[Result "1-0"]
[WhiteElo "1893"]
[BlackElo "1311"]

1. d4 d5 2. Bg5 f6 3. Bh4 Bf5 4. e3 e6 5. a3 Nc6 6. Bb5 Ne7 7. Nc3 a6 8. Be2 Ng6
9. Bh5 Qd7 10. g4 O-O-O 11. Bg3 Bxc2 12. Qxc2 Nge7 13. g5 fxg5 14. Na4 Nf5 15.
Ne2 Kb8 16. O-O Nxg3 17. fxg3 Bd6 18. b4 Na7 19. Nc5 Qc6 20. Rfc1 g6 21. Bg4
Bxc5 22. bxc5 h5 23. Bf3 g4 24. Bg2 g5 25. Rab1 h4 26. gxh4 gxh4 27. Nf4 Rdg8
28. Ng6 Rh7 29. Ne5 1-0

[Event "AUTO-OPEN-1781"]
[Site "http://www.queenalice.com/game.php?id=691109"]
[Date "2009.12.1"]
[Round "1"]
[White "Rod_Lins"]
[Black "rubenov"]
[Result "0-1"]
[WhiteElo "1311"]
[BlackElo "1899"]

1. e4 b6 2. d4 Bb7 3. Bd3 Nf6 4. d5 h6 5. c4 e5 6. f4 exf4 7. Bxf4 Bc5 8. Nf3
Ng4 9. Qe2 Nf2 10. Rf1 Nxd3+ 11. Qxd3 O-O 12. Be3 Bxe3 13. Qxe3 d6 14. Kf2 Qf6
15. Nc3 a6 16. Kg1 Nd7 17. b4 Ne5 18. Nxe5 Qxe5 19. Rf5 Qe7 20. Raf1 f6 21. R1f3
Rae8 22. Rg3 Bc8 23. Rh5 Kh7 24. Rg6 Kxg6 0-1

[Event "AUTO-OPEN-1781"]
[Site "http://www.queenalice.com/game.php?id=691136"]
[Date "2009.12.1"]
[Round "1"]
[White "sasquatico"]
[Black "Rod_Lins"]
[Result "0-1"]
[WhiteElo "1780"]
[BlackElo "1345"]

1. e4 c5 2. d4 cxd4 3. Qxd4 Nc6 4. Qd1 d6 5. h3 Nf6 6. Nc3 a6 7. Nf3 g6 8. Bg5
Bg7 9. a3 Be6 10. Be2 Qc7 11. O-O O-O 12. Bd3 Rfe8 13. Qd2 b5 14. Bh6 Qb7 15.
Bxg7 Kxg7 16. Ng5 Bd7 17. Nd5 Nxd5 18. exd5 Ne5 19. Be4 h6 20. Nf3 Nc4 21. Qc3+
Kg8 22. b3 Nb6 23. Rad1 Rac8 24. Qd2 Kg7 25. Qd4+ Kh7 26. h4 h5 27. Ng5+ Kg8 28.
Rd2 Qc7 29. Qd3 f5 30. Ne6 Bxe6 31. dxe6 fxe4 32. Qxe4 Kh7 33. Rfd1 Rf8 34. g4
hxg4 35. Qxg4 Rf6 36. Rd3 Qc5 37. Rg3 Qxf2+ 38. Kh1 Rxc2 39. Rg2 Qc5 40. Rdg1
Rxg2 41. Rxg2 Rf1+ 42. Kh2 Qe5+ 43. Rg3 Rf2+ 44. Kh3 Rf6 45. h5 Qxh5+ 46. Qxh5+
gxh5 47. Rc3 Rxe6 48. Rc6 Nd5 49. Rxa6 Re3+ 50. Kh4 Rxb3 51. Kxh5 Kg7 52. Ra5
Kf6 53. a4 Kf5 54. axb5 Rh3# 0-1

[Event "AUTO-OPEN-1781"]
[Site "http://www.queenalice.com/game.php?id=691137"]
[Date "2009.12.1"]
[Round "1"]
[White "Rod_Lins"]
[Black "sasquatico"]
[Result "1/2-1/2"]
[WhiteElo "1345"]
[BlackElo "1799"]

1. e4 d5 2. exd5 Qxd5 3. Nc3 Qd8 4. d4 e6 5. a3 a6 6. Nf3 Nc6 7. Be3 h6 8. Be2
Nf6 9. O-O Bd6 10. h3 O-O 11. Bd3 Nd5 12. Nxd5 exd5 13. Qd2 Qf6 14. Rae1 Be6 15.
c3 b5 16. Nh2 Ne7 17. f4 Bf5 18. Rf3 Ng6 19. Ng4 Bxg4 20. hxg4 Rae8 21. g5 hxg5
22. fxg5 Qe6 23. Ref1 Re7 24. Rh3 Rfe8 25. Qd1 Qxe3+ 26. Rxe3 Rxe3 27. Bxg6 fxg6
28. Qc2 R3e4 29. Qf2 Rf4 30. Qc2 Rh4 31. Qxg6 Bh2+ 32. Kh1 Bf4+ 33. Kg1 Be3+ 34.
Rf2 Rhe4 35. Qf7+ Kh8 36. Qh5+ Kg8 37. Qf7+ Kh8 38. Qh5+ Kg8 1/2-1/2

[Event "AUTO-OPEN-1781"]
[Site "http://www.queenalice.com/game.php?id=691154"]
[Date "2009.12.1"]
[Round "1"]
[White "kimura1"]
[Black "Rod_Lins"]
[Result "1-0"]
[WhiteElo "1004"]
[BlackElo "1371"]

1. f3 e5 2. d4 Qh4+ 3. g3 Qxd4 4. Nd2 Bc5 5. Ne4 Qxd1+ 6. Kxd1 Be7 7. f4 d5 8.
Nc3 d4 9. Nd5 Bd6 10. fxe5 Bxe5 11. Bf4 Bxf4 12. gxf4 Kd8 13. e3 Be6 14. Bg2 c6
15. f5 Bxd5 16. e4 Bc4 17. c3 dxc3 18. bxc3 Nd7 19. Nf3 Ne7 20. Kc2 Kc7 21. Bh3
f6 22. Rhd1 Rad8 23. Rd4 Nb6 24. Rdd1 Be2 25. Rxd8 Rxd8 26. Ng1 Bd3+ 27. Kb3
Bxe4 28. Bf1 Nxf5 29. a4 a5 30. Ne2 Bd3 31. Nf4 Bc4+ 32. Bxc4 Re8 33. Bd3 Re5
34. Rg1 g6 35. h4 Nxh4 36. Rh1 g5 37. Nh5 f5 38. Nf6 h6 39. c4 Re3 40. Kc2 Nxa4
41. Kd2 Re5 42. Kc2 Nc5 43. Ra1 Nxd3 44. Kxd3 b6 45. Kd4 Nf3+ 46. Kc3 1-0

[Event "AUTO-OPEN-1781"]
[Site "http://www.queenalice.com/game.php?id=691155"]
[Date "2009.12.1"]
[Round "1"]
[White "Rod_Lins"]
[Black "kimura1"]
[Result "1-0"]
[WhiteElo "1200"]
[BlackElo "1100"]

1. e4 d5 2. exd5 Qxd5 3. Nc3 Qe6+ 4. Be2 b6 5. d3 Bb7 6. f3 Nf6 7. Nh3 h5 8. Ne4
Bxe4 9. fxe4 Nc6 10. Be3 Ng4 11. Bxg4 hxg4 12. Nf4 Qe5 13. Qxg4 Qxb2 14. O-O e6
15. Qe2 g5 16. Nh3 Bc5 17. Bxc5 bxc5 18. Nxg5 Nd4 19. Qf2 Nxc2 20. Qxf7+ Kd8 21.
Nxe6+ Kc8 22. Qxc7# 1-0

[Event "AUTO-OPEN-1783"]
[Site "http://www.queenalice.com/game.php?id=692004"]
[Date "2009.12.2"]
[Round "1"]
[White "Rod_Lins"]
[Black "clk"]
[Result "0-1"]
[WhiteElo "1373"]
[BlackElo "1814"]

1. e4 c5 2. Nf3 Nc6 3. d4 e6 4. d5 exd5 5. exd5 Nce7 6. c4 Qa5+ 7. Nc3 d6 8. Bd2
Qb6 9. b3 g6 10. Rc1 Bg7 11. Be2 Bf5 12. O-O Nf6 13. Nh4 O-O 14. Nxf5 Nxf5 15.
Bg5 Rfe8 16. Bg4 Nxg4 17. Qxg4 Nh6 18. Qg3 Nf5 19. Qf4 h6 20. Bh4 Be5 21. Qd2
Nxh4 22. Qxh6 Nf5 23. Qg5 Bg7 24. h4 Bh6 0-1

[Event "AUTO-OPEN-1783"]
[Site "http://www.queenalice.com/game.php?id=692005"]
[Date "2009.12.2"]
[Round "1"]
[White "clk"]
[Black "Rod_Lins"]
[Result "1-0"]
[WhiteElo "1792"]
[BlackElo "1373"]

1. e4 c5 2. d3 Nc6 3. Be3 d6 4. Nf3 Bg4 5. Be2 Nf6 6. O-O g6 7. Bg5 Bg7 8. c3
O-O 9. Qb3 b6 10. Nbd2 a6 11. Nc4 b5 12. Nb6 Qxb6 13. a3 Nd7 14. Bxe7 Nxe7 15.
h3 Bxf3 16. Bxf3 Ne5 17. Be2 c4 18. dxc4 Rab8 19. cxb5 axb5 20. Qc2 N7c6 21. Qd2
Na5 22. Rad1 Nac4 23. Bxc4 Nxc4 24. Qe2 Rbd8 25. Rd5 Rfe8 26. Qc2 Re5 27. Rdd1
Rde8 28. Rfe1 Qc6 29. f3 Qc5+ 30. Kh1 Ne3 31. Rxe3 Qxe3 32. Rxd6 Qe1+ 33. Kh2
1-0

[Event "AUTO-OPEN-1783"]
[Site "http://www.queenalice.com/game.php?id=692006"]
[Date "2009.12.2"]
[Round "1"]
[White "Rod_Lins"]
[Black "flanny"]
[Result "1-0"]
[WhiteElo "1397"]
[BlackElo "1604"]

1. e4 e5 2. Nf3 g6 3. d3 Nf6 4. Nxe5 Bg7 5. Nf3 O-O 6. Be2 d5 7. e5 Ng4 8. d4 c5
9. h3 Nh6 10. Bg5 Qa5+ 11. c3 cxd4 12. Qxd4 Nc6 13. Qd2 Bf5 14. Bxh6 Bxb1 15.
Rxb1 Qxa2 16. O-O Rad8 17. Bxg7 Kxg7 18. Qg5 f6 19. exf6+ Rxf6 20. Bd3 Rdd6 21.
Rfe1 h6 22. Qd2 d4 23. cxd4 Qf7 24. Ne5 Qf8 25. Nxg6 Rxg6 26. Bxg6 Rxg6 27. d5
Nd8 28. Rbc1 Nf7 29. Rc7 Rf6 30. Rxb7 a6 31. Ree7 Kg8 32. Qc3 Rf5 33. d6 Rg5 34.
Rxf7 Qa8 35. Rg7+ Kf8 36. Qf6+ Ke8 37. Qe7# 1-0

[Event "AUTO-OPEN-1783"]
[Site "http://www.queenalice.com/game.php?id=692007"]
[Date "2009.12.2"]
[Round "1"]
[White "flanny"]
[Black "Rod_Lins"]
[Result "0-1"]
[WhiteElo "1630"]
[BlackElo "1371"]

1. e4 c5 2. d3 d6 3. g3 e5 4. Nc3 Be6 5. Nf3 Nc6 6. Nd5 Nf6 7. Bg5 Be7 8. Bxf6
Bxf6 9. c4 O-O 10. Bg2 Nd4 11. O-O Bg4 12. h3 Nxf3+ 13. Bxf3 Bxh3 14. b4 cxb4
15. Rb1 a5 16. a3 Bxf1 17. Qxf1 bxa3 18. Ra1 b6 19. Rxa3 Rb8 20. Qc1 b5 21. cxb5
Rxb5 22. Kg2 Bg5 23. Qc4 Rc5 24. Qa2 Qa8 25. Nb6 Qc6 26. Nc4 Ra8 27. d4 Rxc4 28.
d5 Qc5 29. Qb2 Rc2 30. Qb7 Qxf2+ 31. Kh3 Rf8 32. Qd7 Bf6 33. Qf5 Be7 34. Bg2
Qxg2+ 35. Kg4 g6 36. Qf3 Qh2 37. Qf1 Qh5# 0-1

[Event "AUTO-OPEN-1783"]
[Site "http://www.queenalice.com/game.php?id=692008"]
[Date "2009.12.2"]
[Round "1"]
[White "Rod_Lins"]
[Black "juliosoliveira"]
[Result "0-1"]
[WhiteElo "1341"]
[BlackElo "1441"]

1. e4 e6 2. d4 d5 3. e5 c5 4. c3 cxd4 5. cxd4 Qh4 6. Nf3 Qe4+ 7. Be2 Bb4+ 8. Nc3
Nc6 9. O-O Nh6 10. h3 Nf5 11. Nxe4 dxe4 12. Ng5 Ncxd4 13. Bg4 O-O 14. Bxf5 Nxf5
15. Nxe4 b5 16. a3 Be7 17. Qf3 Bb7 18. Qg4 Nd4 19. Bh6 g6 0-1

[Event "AUTO-OPEN-1783"]
[Site "http://www.queenalice.com/game.php?id=692009"]
[Date "2009.12.2"]
[Round "1"]
[White "juliosoliveira"]
[Black "Rod_Lins"]
[Result "1-0"]
[WhiteElo "1453"]
[BlackElo "1329"]

1. e4 c5 2. d3 Nc6 3. Be3 d6 4. c3 Nf6 5. d4 cxd4 6. cxd4 Nxe4 7. d5 Ne5 8. Qa4+
Bd7 9. Qxe4 g6 10. Bd2 Qb6 11. Qc2 Rc8 12. Nc3 Bf5 13. Qa4+ Nd7 14. Bb5 Bg7 15.
Nge2 a6 16. Bxd7+ Bxd7 17. Qa3 O-O 18. Be3 1-0

[Event "AUTO-INT-1535"]
[Site "http://www.queenalice.com/game.php?id=692129"]
[Date "2009.12.3"]
[Round "1"]
[White "Rod_Lins"]
[Black "mestre_leonardo"]
[Result "1-0"]
[WhiteElo "1265"]
[BlackElo "1653"]

1. e4 e5 2. Nf3 Nc6 3. Bc4 Nf6 4. O-O Nxe4 5. Re1 Nf6 6. Nxe5 Nxe5 7. Rxe5+ Be7
8. d3 O-O 9. Nc3 Bb4 10. Bd2 d6 11. Re3 Ng4 12. Rg3 Qd7 13. h3 Ne5 14. Bh6 Ng6
15. Bd2 a6 16. a3 Bc5 17. Ne4 Bb6 18. Ng5 Qf5 19. Rf3 Qd7 20. Bxf7+ Kh8 21. Bxg6
Rxf3 22. Qxf3 hxg6 23. Qf8# 1-0

[Event "AUTO-INT-1535"]
[Site "http://www.queenalice.com/game.php?id=692130"]
[Date "2009.12.3"]
[Round "1"]
[White "mestre_leonardo"]
[Black "Rod_Lins"]
[Result "1-0"]
[WhiteElo "1660"]
[BlackElo "1350"]

1. e4 c5 2. Nf3 d6 3. Bc4 Nc6 4. Ng5 e6 5. d3 Ne5 6. Bb3 h6 7. Nf3 Nc6 8. Ba4
Nf6 9. e5 Nd5 10. Bxc6+ bxc6 11. exd6 Bxd6 12. O-O O-O 13. c4 Nf6 14. Nc3 Qc7
15. a3 Ng4 16. g3 e5 17. Ne4 Bf5 18. Nxd6 Qxd6 19. Nh4 Qxd3 20. Nxf5 Qxf5 21.
Qd6 Qh5 22. h4 e4 23. Qxc6 Rfe8 24. b4 cxb4 25. axb4 Rac8 26. Qb5 Qxb5 27. cxb5
Re7 28. Re1 Rb8 29. Ra5 Nf6 30. Be3 Rbb7 31. Rea1 Nd5 32. Bxa7 Nxb4 33. Bc5 Nc2
34. Rc1 Re5 35. Rxc2 Rc7 36. b6 1-0

[Event "AUTO-INT-1535"]
[Site "http://www.queenalice.com/game.php?id=692131"]
[Date "2009.12.3"]
[Round "1"]
[White "Rod_Lins"]
[Black "dorszu"]
[Result "1-0"]
[WhiteElo "1345"]
[BlackElo "1633"]

1. e4 e6 2. d4 c5 3. c3 Nc6 4. d5 exd5 5. exd5 Na5 6. c4 a6 7. Nc3 Nf6 8. Nf3
Be7 9. Be2 O-O 10. O-O Re8 11. h3 Bd6 12. Bg5 h6 13. Bh4 Qc7 14. Bxf6 gxf6 15.
Qd2 Be5 16. Qxh6 Bf4 17. Qxf6 Be5 18. Nxe5 d6 19. Ng4 Bxg4 20. Bxg4 Kf8 21. Rfe1
Nxc4 22. Qh8# 1-0

[Event "AUTO-INT-1535"]
[Site "http://www.queenalice.com/game.php?id=692132"]
[Date "2009.12.3"]
[Round "1"]
[White "dorszu"]
[Black "Rod_Lins"]
[Result "1-0"]
[WhiteElo "1631"]
[BlackElo "1405"]

1. d4 d5 2. c4 e6 3. Nf3 h6 4. Bf4 Bd6 5. Bd2 Nf6 6. e3 O-O 7. Nc3 b6 8. Bd3
Nbd7 9. O-O Ba6 10. Qa4 dxc4 11. Qxa6 cxd3 12. Qxd3 a5 13. Nb5 Nd5 14. e4 Nb4
15. Bxb4 Bxb4 16. a3 Be7 17. Rfd1 c6 18. Nc3 Nf6 19. e5 Nd5 20. Nxd5 cxd5 21. a4
Rc8 22. h3 f6 23. Qe3 fxe5 24. Nxe5 Bg5 25. Qd3 Rf5 26. g4 Rf6 27. Rab1 Qf8 28.
Nd7 Qf7 29. Nxf6+ Qxf6 30. Rf1 Rf8 31. Qb5 1-0

[Event "AUTO-INT-1535"]
[Site "http://www.queenalice.com/game.php?id=692133"]
[Date "2009.12.3"]
[Round "1"]
[White "Rod_Lins"]
[Black "juleba"]
[Result "1-0"]
[WhiteElo "1311"]
[BlackElo "1678"]

1. e4 c5 2. Nf3 Nc6 3. d4 cxd4 4. Nxd4 e5 5. Nb3 Nf6 6. Bd3 d5 7. exd5 Qxd5 8.
O-O Bd6 9. Nc3 Qe6 10. Bg5 e4 11. Re1 Bxh2+ 12. Kxh2 Ng4+ 13. Kg1 Qf5 14. Nxe4
Nxf2 15. Nd6+ Kf8 16. Re8# 1-0

[Event "AUTO-INT-1535"]
[Site "http://www.queenalice.com/game.php?id=692134"]
[Date "2009.12.3"]
[Round "1"]
[White "juleba"]
[Black "Rod_Lins"]
[Result "1-0"]
[WhiteElo "1743"]
[BlackElo "1345"]

1. Nf3 d5 2. d4 Bf5 3. c4 e6 4. Nc3 Nf6 5. Bg5 Be7 6. cxd5 exd5 7. Qb3 Be6 8.
Qxb7 Nbd7 9. Qc6 O-O 10. e4 dxe4 11. Nxe4 Bd5 12. Nxf6+ Nxf6 13. Qc2 Bxf3 14.
gxf3 Qxd4 15. Bd3 Bb4+ 16. Kf1 h6 17. Rd1 Qb6 18. Bxf6 Qxf6 19. Bh7+ Kh8 20. Be4
Bd6 21. h4 Rab8 22. b3 Rfe8 23. Rg1 Qxh4 24. Qc3 Be5 25. Qc5 a6 26. a3 Rxb3 27.
Qxe5 Qh3+ 28. Ke1 1-0